[Event "FIDE GP"]
[Site "Astrakhan RUS"]
[Date "2010.05.16"]
[Round "6"]
[White "Jakovenko,D"]
[Black "Ponomariov,R"]
[Result "1-0"]
[WhiteElo "2725"]
[BlackElo "2733"]

1.d4 Nf6 2.c4 g6 3.Nc3 d5 4.cxd5 Nxd5 5.e4 Nxc3 6.bxc3 Bg7 7.Nf3 c5 8.Be3 Qa5
9.Qd2 O-O 10.Rc1 Rd8 11.d5 e6 12.Bg5 f6 13.Bf4 Nc6 14.Bc4 b5 15.Be2 g5 16.Bg3 exd5
17.exd5 Ne7 18.d6 Bb7 19.Qc2 Ng6 20.O-O Qb6 21.Rfd1 Qc6 22.Bxb5 Qxb5 23.Rb1 Qc6
24.Qb3+ c4 25.Qxb7 Qxb7 26.Rxb7 f5 27.Nxg5 f4 28.Ne6 Be5 29.Nxd8 Rxd8 30.Rc7 fxg3
31.hxg3 Bxc3 32.Rxc4 Ba5 33.Rd5 Bb6 34.a4 Rd7 35.a5 Bd8 36.f4 Kf7 37.Re4 Nf8
38.g4 h6 39.Kh2 Nh7 40.Rf5+ Kg7 41.Rd4 Nf6 42.g5 hxg5 43.Rxg5+ Kf7 44.Rb5 Ne8
45.a6 Nxd6 46.Rb7 Ke7 47.Rxd7+ Kxd7 48.g4 Ke6 49.Kg3 Bb6 50.Rb4 Bc5 51.Ra4 Bb6
52.Kf3 Nb5 53.Re4+ Kf7 54.g5 Nc7 55.f5 Bc5 56.Ra4 Be7 57.Kg4 Bf8 58.Rd4 Nxa6
59.Rd7+ Kg8 60.f6 Nc5 61.Rxa7 Ne4 62.Kf5 Nd6+ 63.Ke6  1-0

[Event "Chladek & Tintera Open"]
[Site "Hradec Kralove CZE"]
[Date "2010.05.16"]
[Round "2"]
[White "Rosko,L"]
[Black "Pliev,V"]
[Result "1-0"]
[WhiteElo "2345"]
[BlackElo "2041"]

1.d4 Nf6 2.c4 g6 3.Nc3 d5 4.cxd5 Nxd5 5.e4 Nxc3 6.bxc3 Bg7 7.Bc4 c5 8.Ne2 Nc6
9.Be3 cxd4 10.cxd4 Qa5+ 11.Bd2 Qd8 12.Bc3 O-O 13.O-O Na5 14.Bd3 b6 15.Rb1 Bd7
16.Ba6 Bc6 17.Qd3 Nb7 18.Bb4 Nd6 19.d5 Bb7 20.Bxb7 Nxb7 21.Nd4 Rc8 22.Rfc1 Nc5
23.Qe3 Bxd4 24.Qxd4 Qc7 25.e5 f6 26.d6 exd6 27.exd6 Qf7 28.Bxc5 bxc5 29.Rxc5 Rxc5
30.Qxc5 Qxa2 31.Rd1 Qb3 32.Re1 Qd3 33.h4 Rb8 34.Qc7 Rb1 35.Rxb1 Qxb1+ 36.Kh2 Qe4
37.d7 Qxh4+ 38.Kg1  1-0

[Event "Municipality Cup"]
[Site "Tbilisi GEO"]
[Date "2010.05.16"]
[Round "2"]
[White "Danelia,M"]
[Black "Babujian,L"]
[Result "1-0"]
[WhiteElo "2203"]
[BlackElo "2484"]

1.d4 Nf6 2.c4 g6 3.Nc3 d5 4.cxd5 Nxd5 5.e4 Nxc3 6.bxc3 Bg7 7.Nf3 c5 8.Rb1 O-O
9.Be2 Nc6 10.d5 Ne5 11.Nxe5 Bxe5 12.Qd2 e6 13.f4 Bc7 14.O-O exd5 15.exd5 Ba5
16.Ba3 Qf6 17.Rbc1 b6 18.f5 Qe5 19.f6 Re8 20.Bb5 Qe3+ 21.Qxe3 Rxe3 22.Bc6 Rb8
23.Rfe1 Rxe1+ 24.Rxe1 Bf5 25.Bb2 h5 26.Re7 b5 27.Rxa7 Bb6 28.Re7 c4+ 29.Kf1 Bc5
30.a3 Kf8 31.Bc1 Bd6 32.g3 h4 33.Bf4 Bxf4 34.gxf4 Bh3+ 35.Kf2 Rd8 36.d6  1-0

[Event "4th All China Games Rapid"]
[Site "Hefei CHN"]
[Date "2010.05.17"]
[Round "1"]
[White "Shen Yang"]
[Black "Bu Xiangzhi"]
[Result "1/2-1/2"]
[WhiteElo "2452"]
[BlackElo "2681"]

1.d4 Nf6 2.c4 g6 3.Nc3 d5 4.cxd5 Nxd5 5.e4 Nxc3 6.bxc3 Bg7 7.Bc4 c5 8.Ne2 Nc6
9.Be3 O-O 10.O-O Qc7 11.Rc1 b6 12.f4 e6 13.Qe1 Na5 14.Bd3 f5 15.dxc5 bxc5
16.Qf2 fxe4 17.Bxe4 Bb7 18.Qf3 Rac8 19.Bxb7 Nxb7 20.Ng3 Nd6 21.Ne4 Nc4 22.Ng5 Qe7
23.Qe4 Nd6 24.Qd3 c4 25.Qe2 e5 26.Bd4 Rfe8 27.Rce1 exd4 28.Qxe7 Rxe7 29.Rxe7 d3
30.Rd7 Nb5 31.Rb1 Nxc3 32.Rbb7 Bf6 33.Nxh7 Ne4 34.Nxf6+ Nxf6 35.Rd6 c3 36.Rxf6  1/2-1/2

[Event "TCh-UKR Clubs"]
[Site "Alushta UKR"]
[Date "2010.05.18"]
[Round "8"]
[White "Shmat,S"]
[Black "Nedilko,V"]
[Result "1/2-1/2"]
[WhiteElo "2097"]
[BlackElo "2409"]

1.d4 Nf6 2.c4 g6 3.Nc3 d5 4.cxd5 Nxd5 5.e4 Nxc3 6.bxc3 Bg7 7.Bc4 c5 8.Ne2 Nc6
9.Be3 O-O 10.O-O Qc7 11.Rc1 Rd8 12.Qd2 a6 13.Rfd1 b5 14.Bd3 e5 15.d5 c4 16.Bb1 Na5
17.h3 Nb7 18.f4 f6 19.Kh1 Nd6 20.Ng1 Rf8 21.Nf3 Bd7 22.Qf2 Rab8 23.g4 a5
24.Qg3 Nf7 25.h4 Rfe8 26.g5 Qd6 27.Rg1 fxg5 28.Nxg5 Nxg5 29.Qxg5 exf4 30.Bxf4 Be5
31.Rcf1 Bxf4 32.Rxf4 Re5 33.Qh6 Rf8 34.Rgf1 Rxf4 35.Qxf4 Qe7 36.Rg1 Rh5 37.Rg5 Rxg5
38.hxg5 Qf8 39.Qxf8+ Kxf8 40.Kg2 b4 41.Kf3 Ba4 42.cxb4 axb4 43.Ke3 c3 44.Kd3 Bb5+
45.Kd4 Ba4 46.a3 c2 47.Bxc2 bxa3 48.Bb1 Bb3 49.Kc5 Ke7 50.Kc6 a2 51.Bxa2 Bxa2
52.Kc7 Ke8 53.Kd6  1/2-1/2

[Event "4th All China Games Rapid"]
[Site "Hefei CHN"]
[Date "2010.05.18"]
[Round "3"]
[White "Li Shilong"]
[Black "Li Chao2"]
[Result "0-1"]
[WhiteElo "2514"]
[BlackElo "2619"]

1.d4 Nf6 2.c4 g6 3.Nc3 d5 4.cxd5 Nxd5 5.e4 Nxc3 6.bxc3 Bg7 7.Ba3 O-O 8.Nf3 b6
9.Bc4 Bb7 10.Qc2 c5 11.O-O Qc7 12.Rab1 Nd7 13.d5 a6 14.Bd3 c4 15.Be2 Rfe8
16.Rfd1 Nf6 17.Nd4 b5 18.Bf3 Nd7 19.Bg4 Nf6 20.Bf3 Rad8 21.Re1 Nd7 22.Rbd1 Qa5
23.Qb2 Ne5 24.Be2 e6 25.Bb4 Qb6 26.Qa3 exd5 27.Ba5 Qd6 28.Qxd6 Rxd6 29.f4 Nc6
30.Nxc6 Bxc6 31.Bf3 Rde6 32.e5 g5 33.Bg4 R6e7 34.Bb4 gxf4 35.Bxe7 Rxe7 36.Bf3 Bxe5
37.Bxd5 Be8 38.Bb7 a5 39.Rd8 Kg7 40.Kf1 f6 41.Bd5 Bg6 42.Bc6 b4 43.cxb4 axb4
44.Be4 Bc3  0-1

[Event "4th All China Games Rapid"]
[Site "Hefei CHN"]
[Date "2010.05.18"]
[Round "4"]
[White "Tan Zhongyi"]
[Black "Lou Yiping"]
[Result "1/2-1/2"]
[WhiteElo "2464"]
[BlackElo "2433"]

1.d4 Nf6 2.c4 g6 3.Nc3 d5 4.cxd5 Nxd5 5.e4 Nxc3 6.bxc3 Bg7 7.Nf3 c5 8.Rb1 O-O
9.Be2 cxd4 10.cxd4 Qa5+ 11.Bd2 Qxa2 12.O-O Bg4 13.Bg5 h6 14.Be3 Nc6 15.d5 Bxf3
16.Bxf3 Ne5 17.Rxb7 a5 18.Bc5 a4 19.Bxe7 Rfc8 20.d6 Rc2 21.Qd5 Qxd5 22.exd5 a3
23.d7 Nxd7 24.Bxa3 Rxa3 25.Rxd7 Bd4 26.h3 Rxf2 27.Rxf2 Ra1+ 28.Kh2 Bxf2 29.d6 h5
30.g3 h4 31.gxh4 Bxh4 32.Bd5 Rf1 33.Rb7 Rf5 34.Bb3 Kg7 35.d7 Rf2+ 36.Kg1 Rb2
37.Bd5  1/2-1/2

[Event "4th All China Games Rapid"]
[Site "Hefei CHN"]
[Date "2010.05.19"]
[Round "8"]
[White "Ding Liren"]
[Black "Lin Weiguo"]
[Result "1-0"]
[WhiteElo "2547"]
[BlackElo "2440"]

1.d4 Nf6 2.c4 g6 3.Nc3 d5 4.cxd5 Nxd5 5.e4 Nxc3 6.bxc3 Bg7 7.Nf3 c5 8.Be3 O-O
9.Qd2 Bg4 10.Ng5 cxd4 11.cxd4 Nc6 12.h3 Bd7 13.Nf3 Rc8 14.Rb1 Na5 15.Bd3 Be6
16.O-O Nc4 17.Bxc4 Bxc4 18.Rfc1 b5 19.Bh6 Qd6 20.Bxg7 Kxg7 21.Ne5 Rfd8 22.Nxc4 bxc4
23.d5 e6 24.Qd4+ Kg8 25.Rb5 Qa6 26.Rc5 Rxc5 27.Qxc5 exd5 28.exd5 Qxa2 29.Rxc4 Qd2
30.Rd4 Qe1+ 31.Kh2 Qxf2 32.d6 Qf6 33.d7 a6 34.Re4 Kg7 35.Qc7 Kf8 36.Kg1 h5
37.h4 a5 38.Kh2 Kg7 39.Kg3 Kf8 40.Kh2 Kg7 41.Kg3 g5 42.hxg5 Qxg5+ 43.Kh2 Qf6
44.Re3 a4 45.Rg3+ Kh8 46.Qc5 Kh7 47.Rh3 Rxd7 48.Qxh5+ Kg8 49.Qg4+  1-0

[Event "4th All China Games Rapid"]
[Site "Hefei CHN"]
[Date "2010.05.19"]
[Round "9"]
[White "Ju Wenjun"]
[Black "Gao Rui"]
[Result "0-1"]
[WhiteElo "2500"]
[BlackElo "2464"]

1.d4 Nf6 2.c4 g6 3.Nc3 d5 4.cxd5 Nxd5 5.e4 Nxc3 6.bxc3 Bg7 7.Bc4 c5 8.Ne2 Nc6
9.Be3 O-O 10.O-O b6 11.dxc5 Qc7 12.cxb6 axb6 13.Rb1 Rb8 14.Bb5 Ne5 15.f4 Ng4
16.Qc1 Bb7 17.h3 Nxe3 18.Qxe3 Rfc8 19.e5 Bd5 20.c4 Ba8 21.Nc3 Qb7 22.Qe2 e6
23.Rbd1 Rd8 24.Ba4 Rbc8 25.Rxd8+ Rxd8 26.Bc2 Qa7 27.Kh2 Qa3 28.Bb3 Qc5 29.Bc2 Rd4
30.Nb5 Rxc4 31.Bd3 Rc1 32.Rxc1 Qxc1 33.Qf1 Qd2 34.Be2 Bh6 35.g3 Bd5 36.Kg1 Bf8
37.Nd6 Bxa2 38.Ne4 Qe3+  0-1

[Event "ch-USA"]
[Site "Saint Louis USA"]
[Date "2010.05.19"]
[Round "6"]
[White "Bhat,V"]
[Black "Shankland,S"]
[Result "1-0"]
[WhiteElo "2547"]
[BlackElo "2507"]

1.d4 Nf6 2.c4 g6 3.Nc3 d5 4.cxd5 Nxd5 5.e4 Nxc3 6.bxc3 Bg7 7.Nf3 c5 8.Be3 Qa5
9.Qd2 Nc6 10.Rb1 a6 11.Rc1 Bg4 12.d5 Rd8 13.Be2 O-O 14.O-O e6 15.Rfd1 exd5
16.exd5 Rfe8 17.Qb2 Bxf3 18.Bxf3 Ne5 19.Be2 Qc7 20.Rb1 Rd7 21.Qb6 Qxb6 22.Rxb6 Bf8
23.c4 f5 24.Rdb1 Nf7 25.Kf1 Nd6 26.Bf4 Nxc4 27.Rxb7 Rxb7 28.Rxb7 Re4 29.g3 Rd4
30.Bxc4 Rxc4 31.Be5 Rc2 32.Ke1 c4 33.d6 c3 34.d7 Be7 35.Rb8+  1-0

[Event "4th All China Games Rapid"]
[Site "Hefei CHN"]
[Date "2010.05.20"]
[Round "11"]
[White "Zhou Weiqi"]
[Black "Gao Rui"]
[Result "0-1"]
[WhiteElo "2585"]
[BlackElo "2464"]

1.d4 Nf6 2.c4 g6 3.Nc3 d5 4.cxd5 Nxd5 5.e4 Nxc3 6.bxc3 Bg7 7.Bc4 O-O 8.Ba3 b6
9.Nf3 Bb7 10.Qe2 Nd7 11.O-O c5 12.Rad1 Qc7 13.Rfe1 a6 14.Bd5 Rfe8 15.Bxf7+ Kxf7
16.Ng5+ Kg8 17.Qc4+ e6 18.Nxe6 Ne5 19.dxe5 Qf7 20.Rd6 b5 21.Qxc5 Rxe6 22.Red1 Bf8
23.Rd8 Re8  0-1

[Event "CICC"]
[Site "Calgary CAN"]
[Date "2010.05.22"]
[Round "5"]
[White "Esserman,M"]
[Black "Haessel,D"]
[Result "0-1"]
[WhiteElo "2419"]
[BlackElo "2207"]

1.d4 Nf6 2.c4 g6 3.Nc3 d5 4.cxd5 Nxd5 5.e4 Nxc3 6.bxc3 Bg7 7.Bc4 c5 8.Ne2 O-O
9.O-O Nc6 10.Be3 Na5 11.Bd3 b6 12.Qd2 e5 13.Bh6 cxd4 14.cxd4 exd4 15.Bxg7 Kxg7
16.Rac1 Qd6 17.f4 f6 18.f5 g5 19.Ng3 Qe5 20.Nh5+ Kf7 21.h4 h6 22.a4 Bd7 23.Bb1 Rac8
24.Ba2+ Ke7 25.Bd5 Rc3 26.Rcd1 Bxa4 27.Qxd4 Bxd1 28.Qxe5+ fxe5 29.f6+ Kd6
30.Rxd1 Nc6 31.Ng7 Nd4 32.h5 Rfc8 33.Kh2 Rc1 34.Rd2 R1c2 35.Rd3 Rf2 36.Be6 Rcc2
37.Bh3 g4 38.Nf5+ Rxf5 39.exf5 gxh3 40.Kxh3 Rf2  0-1

[Event "34th Open"]
[Site "Fourmies FRA"]
[Date "2010.05.23"]
[Round "4"]
[White "Marlier,G"]
[Black "Guilleux,F"]
[Result "0-1"]
[WhiteElo "1940"]
[BlackElo "2394"]

1.d4 Nf6 2.c4 g6 3.Nc3 d5 4.cxd5 Nxd5 5.e4 Nxc3 6.bxc3 Bg7 7.Nf3 c5 8.Be3 Qa5
9.Qd2 Nc6 10.Rc1 f5 11.e5 O-O 12.Bc4+ Kh8 13.Ng5 cxd4 14.cxd4 Qxd2+ 15.Bxd2 Nxd4
16.Nf7+ Rxf7 17.Bxf7 Bxe5 18.Bb3 Bd7 19.Be3 Bc6 20.Bxd4 Bxd4 21.O-O e5 22.Rfd1 Kg7
23.Kf1 g5 24.Bc2 Kf6 25.a4 a5 26.Bb3 h5 27.Rb1 Rd8 28.Rdc1 Rd7 29.Rd1 g4
30.Rbc1 h4 31.h3 Kg5 32.Be6 Rd6 33.Bb3 Kf4 34.hxg4 fxg4 35.Bc2 h3 36.gxh3 gxh3
37.Bb3 h2 38.Ke2 Bf3+ 39.Kd3 Bxf2+  0-1

[Event "64th Open ch-Ontario"]
[Site "Toronto CAN"]
[Date "2010.05.23"]
[Round "3"]
[White "Sambuev,B"]
[Black "Henry,Lia"]
[Result "1-0"]
[WhiteElo "2464"]
[BlackElo "2187"]

1.d4 Nf6 2.c4 g6 3.Nc3 d5 4.cxd5 Nxd5 5.e4 Nxc3 6.bxc3 Bg7 7.Nf3 c5 8.Bb5+ Nc6
9.O-O cxd4 10.cxd4 O-O 11.Be3 Bg4 12.Bxc6 bxc6 13.Rc1 Bxf3 14.Qxf3 Qa5 15.Qe2 Rfd8
16.Rc5 Qa4 17.Rc4 Qa3 18.e5 Rab8 19.Rxc6 Rb2 20.Rc2 Rdb8 21.Bc1 Rxc2 22.Qxc2 Qb4
23.Be3 Qb2 24.Qa4 Qb7 25.Rc1 h6 26.h4 Bf8 27.Qc6 Qb2 28.Qa6 Qb6 29.Qc4 e6
30.d5 exd5 31.Qxd5 Rd8 32.Qc4 Qe6 33.Qxe6 fxe6 34.Rc6  1-0

[Event "2nd Limpedea Cup"]
[Site "Baia Sprie ROM"]
[Date "2010.05.25"]
[Round "2"]
[White "Bonte,An"]
[Black "Shishkin,Va UKR"]
[Result "1/2-1/2"]
[WhiteElo "2307"]
[BlackElo "2513"]

1.d4 Nf6 2.c4 g6 3.Nc3 d5 4.cxd5 Nxd5 5.e4 Nxc3 6.bxc3 Bg7 7.Nf3 c5 8.Be2 O-O
9.O-O b6 10.Bg5 Qc7 11.Qd2 Nc6 12.d5 Na5 13.Bf4 Qd8 14.Rad1 Bb7 15.Qe3 Qd7
16.Bh6 Rad8 17.Bxg7 Kxg7 18.Rd2 e6 19.Ne5 Qe7 20.Ng4 exd5 21.e5 Qh4 22.e6 Rde8
23.Qe5+ f6 24.Qc7+ Kh8 25.g3 Qg5 26.f4 Qf5 27.e7 Rf7 28.Nh6 Qe6 29.Nxf7+ Qxf7
30.Bb5 Rxe7 31.Qd8+ Kg7 32.Re2 Rxe2 33.Bxe2 d4 34.Bf3 Bxf3 35.Rxf3 Qxa2 36.cxd4 Qe2
37.Qd7+ Kh6 38.Qh3+ Kg7  1/2-1/2

[Event "ch-Moscow Final"]
[Site "Moscow RUS"]
[Date "2010.05.26"]
[Round "4"]
[White "Rychagov,A"]
[Black "Nikolenko,O"]
[Result "1-0"]
[WhiteElo "2551"]
[BlackElo "2545"]

1.d4 Nf6 2.c4 g6 3.Nc3 d5 4.cxd5 Nxd5 5.e4 Nxc3 6.bxc3 Bg7 7.Be3 c5 8.Qd2 Qa5
9.Nf3 Nc6 10.Rb1 a6 11.Rc1 f5 12.e5 b5 13.Be2 Bb7 14.O-O cxd4 15.Nxd4 Nxd4
16.Bxd4 O-O 17.Bd1 Bd5 18.Bb3 Bxb3 19.axb3 f4 20.b4 Qc7 21.Qa2+ Kh8 22.Qe6 f3
23.g3 Qc8 24.Qxc8 Raxc8 25.Ra1 Rc6 26.Rfe1 g5 27.h3 h5 28.Re4 Kh7 29.Rae1 Re6
30.Kh2 Kg6 31.g4 h4 32.R1e3 Rf4 33.Kg1 Rxe4 34.Rxe4 Kf7 35.Re3 Rc6 36.Rxf3+ Ke6
37.Rf5 Bh6 38.Kf1 Rc8 39.Ke2 Ra8 40.Kd3 a5 41.bxa5 Rxa5 42.f4 gxf4 43.Rh5 Bg7
44.Rh7 Bf8 45.Rxh4 Ra1 46.Rh5 Kd5 47.Rf5 Bh6 48.g5 Bg7 49.Rf7 Bxe5 50.Rf5 Rd1+
51.Ke2  1-0

[Event "2nd SCS Open"]
[Site "Bhubaneswar IND"]
[Date "2010.05.27"]
[Round "8"]
[White "Fier,A"]
[Black "Konguvel,P"]
[Result "0-1"]
[WhiteElo "2581"]
[BlackElo "2412"]

1.d4 Nf6 2.c4 g6 3.Nc3 d5 4.cxd5 Nxd5 5.e4 Nxc3 6.bxc3 Bg7 7.Bc4 c5 8.Ne2 Nc6
9.Be3 O-O 10.O-O Na5 11.Bd3 b6 12.Qd2 e5 13.Bg5 Qe8 14.Bh6 cxd4 15.Bxg7 Kxg7
16.cxd4 exd4 17.Nxd4 Bb7 18.f4 Rd8 19.Qc3 Kg8 20.Rad1 Bxe4 21.Bb5 Qe7 22.f5 Qg5
23.Rf2 Bxf5 24.Re1 Bc8 25.Ba4 Qc5 26.Qxc5 bxc5 27.Nb3 Nb7 28.Rc1 Bd7 29.Bxd7 Rxd7
30.Rf4 Rc8 31.Ra4 a5 32.Rcc4 Re8 33.Rc2 h5 34.h3 Rd5 35.Kh2 g5 36.Rac4 Ree5
37.Ra4 Re6 38.Rac4 Ree5 39.Ra4 Re8 40.Rac4 Rc8 41.Nd2 Nd6 42.Ra4 Re8 43.Nb3 c4
44.Nc1 Re1 45.Ne2 h4 46.g3 Re5 47.Nc3 hxg3+ 48.Kxg3 R1e3+ 49.Kh2 Rd3 50.Ne2 f5
51.Nc1 Rd1 52.Ra3 f4 53.Ne2 Kg7 54.Ng1 Kf6 55.Rf2 Ne4 56.Re2 Rd2 57.Kg2 Kf5
58.Rxd2 Nxd2 59.Rc3 Ke4 60.Rc2 Rd5 61.Rc3 Rd3 62.Rc2 c3 63.Kf2 f3 64.a4 Kd4
65.Rc1 Ne4+ 66.Kf1  0-1

[Event "14th Chicago Open"]
[Site "Wheeling USA"]
[Date "2010.05.31"]
[Round "8"]
[White "Holt,C"]
[Black "Yermolinsky,A"]
[Result "0-1"]
[WhiteElo "2375"]
[BlackElo "2528"]

1.d4 Nf6 2.c4 g6 3.Nc3 d5 4.cxd5 Nxd5 5.e4 Nxc3 6.bxc3 Bg7 7.Bg5 c5 8.Rc1 O-O
9.Nf3 Bg4 10.d5 Qd6 11.Be2 Bxf3 12.gxf3 Nd7 13.Qb3 Rab8 14.f4 c4 15.Bxc4 h6
16.e5 Qc5 17.Bh4 Nb6 18.Be2 Nxd5 19.Bg3 e6 20.O-O h5 21.c4 Ne7 22.Qe3 Rfc8
23.Bd3 Bf8 24.Bh4 Nf5 25.Bxf5 exf5 26.Qg3 Qc6 27.Rfd1 Qe6 28.Rd4 b5 29.Qd3 Rb7
30.c5 Rbc7 31.Rd8 Rxd8 32.Qxd8 Rc8 33.Qd4 Qc6 34.Rc2 a5 35.Qd3 a4 36.a3 Qe4
37.Qxe4 fxe4 38.c6 Bxa3 39.c7 Bf8 40.Bd8 b4 41.Rd2 a3 42.Bg5 Rxc7  0-1

[Event "14th Chicago Open"]
[Site "Wheeling USA"]
[Date "2010.05.31"]
[Round "9"]
[White "Gurczak,J"]
[Black "Ruiz Gonzalez,G"]
[Result "1-0"]
[WhiteElo "2069"]
[BlackElo "2146"]

1.d4 Nf6 2.c4 g6 3.Nc3 d5 4.cxd5 Nxd5 5.e4 Nxc3 6.bxc3 Bg7 7.Bc4 c5 8.Ne2 O-O
9.O-O cxd4 10.cxd4 Nc6 11.Be3 Bg4 12.f3 Na5 13.Bd3 Be6 14.d5 Bxa1 15.Qxa1 f6
16.Qd4 Bd7 17.Bh6 Re8 18.e5 Qb6 19.Qxb6 axb6 20.e6 Ba4 21.Nc3 b5 22.Nxb5 Bxb5
23.Bxb5 Red8 24.Rd1 Rac8 25.d6 Rxd6 26.Rxd6 exd6 27.Bd7 Ra8 28.Bf4 Nc4 29.e7 Kf7
30.e8=Q+ Rxe8 31.Bxe8+ Kxe8 32.Kf2 Kd7 33.Ke2 Kc6 34.Kd3 Kc5 35.Bc1 g5 36.Ke4 Ne5
37.Kf5 Nd7 38.Ke6 Kc6 39.Bb2 d5 40.Bc3 h5 41.Bb2 h4 42.h3 b5 43.a3 Nb6 44.Bxf6 Nc4
45.Bxg5 d4 46.f4 d3 47.f5 d2 48.Bxd2 Nxd2 49.f6 Ne4 50.f7 Ng5+ 51.Kf6 Nxf7
52.Kxf7 Kc5 53.Kg6 Kc4 54.Kh5 Kb3 55.Kxh4 Kxa3 56.g4 b4 57.g5 b3 58.g6 b2
59.g7 b1=Q 60.g8=Q Qe4+ 61.Qg4 Qh7+ 62.Kg3 Qc7+ 63.Qf4 Qg7+ 64.Kf3 Qb7+ 65.Kf2 Qb2+
66.Kg3 Qg7+ 67.Qg4 Qc7+ 68.Kf2 Qc5+ 69.Kf1 Kb3 70.h4 Qc1+ 71.Kg2 Qd2+ 72.Kh3 Qd5
73.h5 Qh1+ 74.Kg3 Qg1+ 75.Kh4 Qc1 76.Qe6+ Kb4 77.h6 Qh1+ 78.Kg5 Kc5 79.Qf5+ Kc6
80.h7 Qg2+ 81.Kf6 Qb2+ 82.Kf7 Kc7 83.Qc5+  1-0

[Event "ch-CHN"]
[Site "Xinghua CHN"]
[Date "2010.05.31"]
[Round "7"]
[White "Li Shilong"]
[Black "Li Chao2"]
[Result "1-0"]
[WhiteElo "2514"]
[BlackElo "2619"]

1.d4 Nf6 2.c4 g6 3.Nc3 d5 4.cxd5 Nxd5 5.e4 Nxc3 6.bxc3 Bg7 7.Be3 c5 8.Qd2 Qa5
9.Rb1 a6 10.Rc1 O-O 11.Nf3 Bg4 12.Ng5 b5 13.h3 Bc8 14.Be2 Bb7 15.d5 Nd7 16.O-O c4
17.Nf3 Nf6 18.Qc2 e6 19.dxe6 fxe6 20.Ng5 e5 21.Rcd1 Bh6 22.Bf3 Bc8 23.Rd6 Ne8
24.Rd2 Bxg5 25.Bxg5 Bxh3 26.Rfd1 Be6 27.Qb2 Qc7 28.Qb4 Kf7 29.Bd8 a5 30.Qxb5 Qb8
31.Qc5 Ra7 32.Bxa5 Nf6 33.Bb4 Rc8 34.Qe3 Rd7 35.Rxd7+ Bxd7 36.Rd6 Be6 37.a4 Rd8
38.Qc5 Rxd6 39.Qxd6 Qxd6 40.Bxd6 Bd7 41.a5 Ke6 42.Bc7 Bb5 43.Kf1 h5 44.Bd8 Ne8
45.Be2 Kd7 46.Bb6 Ng7 47.Be3 Ne6 48.g3 Ke7 49.Ke1 Kf6 50.Kd2 Nd8 51.Bb6 Nc6
52.Ke3 Ba6 53.f4 Ke6 54.Bf1 Kf6 55.Bh3 g5 56.fxg5+ Kxg5 57.Bd7 Nb8 58.Bd8+ Kh6
59.Be8 Bb7 60.Bc7 Na6 61.Bxe5 Nc5 62.Bf4+ Kg7 63.Bxh5 Kf6 64.Bf3 Ke6 65.Kd4 Nb3+
66.Kxc4 Nxa5+ 67.Kb5 Nb3 68.Kb4 Na1 69.c4  1-0

[Event "2nd Limpedea Cup"]
[Site "Baia Sprie ROM"]
[Date "2010.06.01"]
[Round "9"]
[White "Sieciechowicz,M"]
[Black "Shishkin,Va UKR"]
[Result "1/2-1/2"]
[WhiteElo "2427"]
[BlackElo "2513"]

1.d4 Nf6 2.c4 g6 3.Nc3 d5 4.cxd5 Nxd5 5.e4 Nxc3 6.bxc3 Bg7 7.Bg5 c5 8.Rc1 O-O
9.Nf3 Bg4 10.d5 Qd6 11.Qb3 Bxf3 12.gxf3 b6 13.f4 Nd7 14.e5 Qc7 15.Bb5 Nf6
16.d6 Qb7 17.O-O Ne4 18.dxe7 Rfc8 19.e6 f6 20.Rfd1 Qxe7 21.Qd5 Nxc3 22.Rxc3 fxg5
23.Rf3 Rf8 24.fxg5 Rxf3 25.Qxf3 Rf8 26.Qg4 Bd4 27.h4 Bxf2+ 28.Kh2 Bd4 29.Rf1 Rxf1
30.Bxf1 Qf8 31.Bc4 Qf2+ 32.Kh3 Qe3+ 33.Qg3 Kf8 34.Qxe3 Bxe3 35.Kg4 Ke7 36.a4 h6
37.gxh6 Bxh6 38.h5 gxh5+ 39.Kxh5  1/2-1/2

[Event "AES Dominicana"]
[Site "Santo Domingo DOM"]
[Date "2010.06.03"]
[Round "2"]
[White "Adames,A"]
[Black "De los Santos,E"]
[Result "0-1"]
[WhiteElo "1929"]
[BlackElo "2125"]

1.d4 Nf6 2.c4 g6 3.Nc3 d5 4.cxd5 Nxd5 5.e4 Nxc3 6.bxc3 Bg7 7.Bc4 c5 8.Be3 Nc6
9.Ne2 cxd4 10.cxd4 b5 11.Bb3 Bb7 12.O-O Na5 13.f3 O-O 14.Rc1 Rc8 15.Qd2 Nxb3
16.axb3 e6 17.b4 Rxc1 18.Rxc1 Qd7 19.Rc5 Rc8 20.Qc2 Bf8 21.Rxc8 Qxc8 22.Qxc8 Bxc8
23.Bd2 Bd6 24.h3 Bb7 25.Kf2 Kf8 26.Ke3 Ke7 27.Kd3 Kd7 28.Nc1 a5 29.bxa5 b4
30.Nb3 Ba6+ 31.Ke3 Kc6 32.Nc1 Kb5 33.Nd3 Kxa5 34.Nb2 Kb5 35.g4 g5 36.e5 Be7
37.f4 h6 38.f5 Bb7 39.f6 Bf8 40.Kf2 b3 41.Ke3 Ba3 42.Bc3 Bxb2 43.Bxb2 Kc4
44.Kd2 Bg2 45.Ba3 Kxd4 46.Bf8 Be4 47.Kc1 Kc3 48.Ba3 Bg2 49.Bb2+ Kb4 50.Kd2 Bxh3
51.Ke3 Bxg4 52.Kf2 Bf5 53.Ke3 h5 54.Kf3 h4 55.Kg2 g4 56.Kh2 Kc4 57.Kg2 Be4+
58.Kh2 Kd3 59.Kg1 g3 60.Ba3 h3  0-1

[Event "Mitropa Cup"]
[Site "Chur SUI"]
[Date "2010.06.04"]
[Round "7"]
[White "Ragger,M"]
[Black "Bosiocic,Mari"]
[Result "1/2-1/2"]
[WhiteElo "2614"]
[BlackElo "2562"]

1.d4 Nf6 2.c4 g6 3.Nc3 d5 4.cxd5 Nxd5 5.e4 Nxc3 6.bxc3 Bg7 7.Nf3 c5 8.Be3 Qa5
9.Qd2 O-O 10.Rc1 Rd8 11.d5 e6 12.Bg5 f6 13.Bf4 Qa4 14.Qc2 Qxc2 15.Rxc2 exd5
16.exd5 Bf5 17.Rb2 Be4 18.c4 Bxf3 19.gxf3 b6 20.Re2 Na6 21.a3 Kf7 22.h4 h5
23.Kd2 Re8 24.Rxe8 Rxe8 25.Bd3 f5 26.Bc2 Be5 27.Bh6 Nc7 28.Ba4 Rd8 29.Re1 Bf6
30.Bf4 Ne8 31.Bg3 Nd6 32.Kd3 b5 33.cxb5 c4+ 34.Kc2 Nc8 35.Bc7 Rxd5 36.b6 axb6
37.Be8+ Kg7 38.Rg1 Ne7 39.Bxb6 Kf8 40.Bxg6 Rb5 41.Be3 Nxg6 42.Rxg6 Kf7 43.Rh6 Rb2+
44.Kc1 Ra2 45.Rxh5 Kg6 46.Rh6+ Kg7 47.Rh5 Kg6  1/2-1/2

[Event "3rd Mayor's Cup"]
[Site "Mumbai IND"]
[Date "2010.06.06"]
[Round "6"]
[White "Vidit,S"]
[Black "Palit,S"]
[Result "1/2-1/2"]
[WhiteElo "2504"]
[BlackElo "2385"]

1.d4 Nf6 2.c4 g6 3.Nc3 d5 4.cxd5 Nxd5 5.e4 Nxc3 6.bxc3 Bg7 7.Nf3 O-O 8.Be3 c5
9.Rc1 Qa5 10.Qd2 e6 11.Bh6 Nc6 12.h4 cxd4 13.Bxg7 Kxg7 14.cxd4 Qxd2+ 15.Kxd2 Rd8
16.Ke3 Bd7 17.h5 h6 18.hxg6 fxg6 19.Bb5 Rac8 20.Bxc6 Bxc6 21.Ne5 Be8 22.f4 h5
23.Rhd1 Kf6 24.g4 b5 25.Rxc8 Rxc8 26.d5 exd5 27.exd5 hxg4 28.d6 Rd8 29.d7 Bxd7
30.Rxd7 Rxd7 31.Nxd7+ Kf5 32.Nb8 g3 33.Kf3 g2 34.Kxg2 Kxf4 35.Na6 Ke4 36.Nc7 b4
37.Na6 Kd4 38.Nxb4 Kc3 39.Nc6 a6 40.Kf3 Kb2 41.a4 a5 42.Nxa5 Ka3 43.Nb3 Kxa4  1/2-1/2

[Event "3rd Mayor's Cup"]
[Site "Mumbai IND"]
[Date "2010.06.07"]
[Round "8"]
[White "Greenfeld,A"]
[Black "Palit,S"]
[Result "1-0"]
[WhiteElo "2561"]
[BlackElo "2385"]

1.d4 Nf6 2.c4 g6 3.Nc3 d5 4.cxd5 Nxd5 5.e4 Nxc3 6.bxc3 Bg7 7.Bc4 c5 8.Ne2 O-O
9.O-O Nc6 10.Be3 Bd7 11.Rb1 Rc8 12.Bd3 Qc7 13.Qd2 Rfd8 14.Bh6 Bh8 15.Bf4 e5
16.Bg5 Re8 17.d5 Na5 18.f4 c4 19.Bc2 b5 20.f5 f6 21.Bh4 Bg7 22.a4 g5 23.d6 Qd8
24.Bf2 bxa4 25.h4 gxh4 26.Bxh4 Nb3 27.Qd5+ Kh8 28.Ng3 Bc6 29.Qd1 Rg8 30.Nh5 Be8
31.Nxg7 Rxg7 32.Qd5 Rc6 33.Rbd1 Bd7 34.Kh2 Rc5 35.Qe6 Bxe6 36.fxe6 Rg6 37.d7 Nd4
38.cxd4 Rc6 39.dxe5 Rxe6 40.Bxf6+ Rexf6 41.exf6 Kg8 42.e5 Rh6+ 43.Kg1 Kf7
44.Rf2 a3 45.e6+ Kxe6 46.f7 Rf6 47.Rxf6+  1-0

[Event "TCh-CHN"]
[Site "Shenzhan CHN"]
[Date "2010.06.07"]
[Round "4"]
[White "Wang Hao"]
[Black "Zhou Jianchao"]
[Result "1/2-1/2"]
[WhiteElo "2715"]
[BlackElo "2650"]

1.d4 Nf6 2.c4 g6 3.Nc3 d5 4.cxd5 Nxd5 5.e4 Nxc3 6.bxc3 Bg7 7.Bc4 c5 8.Ne2 Nc6
9.Be3 O-O 10.O-O Qc7 11.Rb1 e6 12.Bf4 Qe7 13.Qd2 Rd8 14.d5 Na5 15.Bb3 exd5
16.exd5 Bf5 17.Rbd1 Qe4 18.Ng3 Nxb3 19.axb3 Qc2 20.Nxf5 Qxf5 21.Bg3 a5 22.d6 Rd7
23.Rfe1 Rad8 24.c4 b6 25.Qe2 Bd4 26.Rd3 g5 27.h4 g4 28.Red1 Rxd6 29.Bxd6 Rxd6
30.Re3 Rf6 31.Rxd4 cxd4 32.Re4 h5 33.Rxd4 Re6 34.Qd2 Qe5 35.Rd5 Qe1+ 36.Qxe1 Rxe1+
37.Kh2 Rb1 38.Rxh5 Rxb3 39.c5 a4 40.Rg5+ Kf8 41.Rxg4 b5 42.c6 Rc3 43.Rb4 Rxc6
44.Rxb5 Ra6 45.Rb2 a3 46.Ra2 f5 47.g3 Kg7 48.Kg2 Kg6 49.Kf3 Ra4 50.Ke2 Kh5
51.Kd3 f4 52.Kc2 fxg3 53.fxg3 Kg4 54.Kb3 Re4 55.Rxa3 Kxg3 56.Ra4 Rxa4 57.Kxa4 Kxh4  1/2-1/2

[Event "TCh-CHN"]
[Site "Shenzhan CHN"]
[Date "2010.06.09"]
[Round "6"]
[White "Ding Liren"]
[Black "Lou Yiping"]
[Result "1-0"]
[WhiteElo "2565"]
[BlackElo "2429"]

1.d4 Nf6 2.c4 g6 3.Nc3 d5 4.cxd5 Nxd5 5.e4 Nxc3 6.bxc3 Bg7 7.Nf3 c5 8.Rb1 O-O
9.Be3 Qa5 10.Qd2 b6 11.h4 Rd8 12.Rc1 Nc6 13.d5 e6 14.h5 exd5 15.hxg6 fxg6
16.Bh6 Bh8 17.exd5 Be6 18.Bc4 Bf7 19.O-O Qa4 20.Bb3 Qg4 21.Ng5 Na5 22.Bd1 Qf5
23.c4 Nc6 24.Re1 Nd4 25.Re7 Bf6 26.g4 Bxg5 27.Bxg5 Nf3+ 28.Bxf3 Qxf3 29.Re3 Qxg4+
30.Rg3 Qf5 31.Bxd8 Rxd8 32.Qg5 Qxg5 33.Rxg5 a6 34.Re5 Kf8 35.a4 a5 36.Rce1 Rd7
37.f4 h6 38.Kf2 Rd6 39.Kg3 Rf6 40.Kg4 Rd6 41.f5 Kg7 42.Re7 h5+ 43.Kg5 Rf6
44.Rf1 h4 45.Rxf7+ Rxf7 46.f6+ Kg8 47.Kxg6 h3 48.Rh1  1-0

[Event "45th Capablanca Mem Open"]
[Site "Havana CUB"]
[Date "2010.06.11"]
[Round "2"]
[White "Gongora Reyes,M"]
[Black "Castellanos Sanchez,C"]
[Result "1/2-1/2"]
[WhiteElo "2471"]
[BlackElo "2299"]

1.d4 Nf6 2.c4 g6 3.Nc3 d5 4.cxd5 Nxd5 5.e4 Nxc3 6.bxc3 Bg7 7.Nf3 c5 8.Be3 O-O
9.Qd2 Qa5 10.Rc1 Nc6 11.d5 Ne5 12.Nxe5 Bxe5 13.f4 Bg7 14.c4 Qc7 15.e5 Bf5
16.Bd3 Bxd3 17.Qxd3 f6 18.e6 f5 19.O-O Rad8 20.Rb1 Rd6 21.Rb5 b6 22.a4 Rc8
23.Kh1 Qd8 24.Qc2 a6 25.Rb3 Bd4 26.Qd2 Bxe3 27.Qxe3 Qe8 28.Ra1 b5 29.axb5 axb5
30.Rxb5 Rxd5 31.cxd5 Qxb5 32.Qe5 Qd3  1/2-1/2